[Event "Chess.com Classic Play In"]
[Site "Chess.com INT"]
[Date "2024.05.08"]
[Round "2"]
[White "Eljanov, Pavel"]
[Black "Ibarra Jerez, Jose Carlos"]
[Result "1-0"]
[WhiteElo "2676"]
[BlackElo "2559"]
[PlyCount "101"]
[EventDate "2024.05.08"]
[EventType "swiss (rapid)"]
[EventRounds "9"]
[EventCountry "USA"]
[SourceTitle "CB20_2024"]
[SourceDate "2024.05.16"]
[SourceVersion "1"]
[SourceVersionDate "2024.05.16"]
[SourceQuality "1"]

1. d4 Nf6 2. c4 d6 3. Nc3 e5 4. d5 Bf5 5. Nf3 h6 6. g3 Ne4 7. Nxe4 Bxe4 8. Bh3 Be7 9. 0-0 0-0 10. Qb3 b6 11. Nd2 Bh7 12. e4 Nd7 13. Qf3 Bg5 14. Re1 a5 15. Nf1 Nc5 16. b3 Bxc1 17. Raxc1 Qg5 18. Rc2 f5 19. exf5 Bxf5 20. Bxf5 Rxf5 21. Qe3 Qg6 22. Rce2 e4 23. Nd2 Re5 24. Rf1 Rae8 25. Qd4 Qh5 26. Re3 Qh3 27. f4 exf3 28. Rexf3 Ne4 29. Nxe4 Rxe4 30. Qf2 Re2 31. Rf8+ Rxf8 32. Qxe2 Rxf1+ 33. Qxf1 Qxf1+ 34. Kxf1 Kf7 35. Kf2 Kf6 36. Ke3 Ke5 37. g4 g6 38. h3 b5 39. a3 g5 40. Kd3 b4 41. axb4 axb4 42. Ke3 Kf6 43. Kd4 Kg6 44. c5 Kf6 45. c6 Kg6 46. Kc4 Kf6 47. Kxb4 Ke5 48. Kc4 Kf4 49. b4 Kg3 50. b5 h5 51. gxh5 1-0

[Event "Chess.com Classic Play In"]
[Site "Chess.com INT"]
[Date "2024.05.08"]
[Round "3"]
[White "Ibarra Jerez, Jose Carlos"]
[Black "Mikaelyan, Arman"]
[Result "0-1"]
[WhiteElo "2559"]
[BlackElo "2515"]
[PlyCount "106"]
[EventDate "2024.05.08"]
[EventType "swiss (rapid)"]
[EventRounds "9"]
[EventCountry "USA"]
[SourceTitle "CB20_2024"]
[SourceDate "2024.05.16"]
[SourceVersion "1"]
[SourceVersionDate "2024.05.16"]
[SourceQuality "1"]

1. e4 c5 2. Nf3 d6 3. d4 cxd4 4. Nxd4 Nf6 5. Nc3 g6 6. Be3 Bg7 7. f3 0-0 8. Bc4 Nc6 9. Bb3 Bd7 10. h4 Rc8 11. h5 Nxh5 12. g4 Nf4 13. Qd2 Nxd4 14. Bxd4 Bxd4 15. Qxd4 e5 16. Qxd6 Qg5 17. Qxd7 Rcd8 18. Qb5 Ng2+ 19. Kf1 Rd2 20. Ne2 Qe3 21. Bxf7+ Rxf7 22. Qe8+ Rf8 23. Qe6+ Rf7 24. Qe8+ Rf8 25. Qe6+ Kg7 26. Qxe5+ Kg8 27. Qe6+ Rf7 28. Qe8+ Rf8 29. Qe6+ Kg7 30. Qe7+ Rf7 31. Rxh7+ Kxh7 32. Qxf7+ Kh8 33. Qf8+ Kh7 34. Qe7+ Kg8 35. Qe6+ Kh7 36. Qe7+ Kg8 37. Qe8+ Kg7 38. Qe5+ Kf7 39. Qc7+ Ke8 40. Qc8+ Ke7 41. Qxb7+ Kf8 42. Qb8+ Ke7 43. Qc7+ Kf8 44. Qc8+ Ke7 45. Qc7+ Ke8 46. Qc6+ Ke7 47. Qb7+ Ke8 48. Qb5+ Ke7 49. Kxg2 Rxe2+ 50. Kg3 Qf2+ 51. Kf4 Qe3+ 52. Ke5 Qg5+ 53. Kd4 Qxb5 0-1

[Event "Titled Tuesday intern op 16th Apr Late"]
[Site "Chess.com INT"]
[Date "2024.04.16"]
[Round "10"]
[White "Ibarra Jerez, Jose Carlos"]
[Black "Martinez Alcantara, Jose Eduardo"]
[Result "0-1"]
[WhiteElo "2559"]
[BlackElo "2603"]
[PlyCount "104"]
[EventDate "2024.04.16"]
[EventType "swiss (blitz)"]
[EventRounds "11"]
[EventCountry "USA"]
[SourceTitle "CB17_2024"]
[SourceDate "2024.04.24"]
[SourceVersion "1"]
[SourceVersionDate "2024.04.24"]
[SourceQuality "1"]

1. e4 e6 2. d4 d5 3. Nc3 Bb4 4. Nge2 Nf6 5. e5 Nfd7 6. f4 Be7 7. Be3 c5 8. dxc5 Nc6 9. Qd2 Bxc5 10. Bxc5 Nxc5 11. Nd4 Bd7 12. 0-0-0 0-0 13. Kb1 Rc8 14. Qe3 Nxd4 15. Rxd4 f6 16. exf6 Qxf6 17. g3 Rfe8 18. Bg2 b5 19. Re1 a5 20. a3 Na6 21. Bf1 Rb8 22. Bd3 Nc5 23. Na2 Na4 24. c3 Nc5 25. Bc2 g6 26. h4 Nb7 27. h5 Nd6 28. hxg6 hxg6 29. g4 Nf7 30. g5 Qg7 31. Rd2 Rb7 32. Qd3 Rf8 33. Qxg6 Qxg6 34. Bxg6 Nd6 35. Rd4 Kg7 36. Bd3 Rh8 37. f5 Nxf5 38. Bxf5 exf5 39. Rxd5 Kg6 40. Re7 Bc6 41. Rd6+ Kxg5 42. Re1 Be4+ 43. Ka1 Rh2 44. Nc1 b4 45. cxb4 axb4 46. a4 b3 47. a5 Rb4 48. Rxe4 fxe4 49. Rb6 Rh1 50. Kb1 Rc4 51. Rxb3 Rcxc1+ 52. Ka2 Ra1# 0-1

[Event "Titled Tuesday intern op 16th Apr Early"]
[Site "Chess.com INT"]
[Date "2024.04.16"]
[Round "8"]
[White "Ibarra Jerez, Jose Carlos"]
[Black "Timerkhanov, Alexander"]
[Result "0-1"]
[WhiteElo "2559"]
[BlackElo "2311"]
[PlyCount "112"]
[EventDate "2024.04.16"]
[EventType "swiss (blitz)"]
[EventRounds "11"]
[EventCountry "USA"]
[SourceTitle "CB17_2024"]
[SourceDate "2024.04.24"]
[SourceVersion "1"]
[SourceVersionDate "2024.04.24"]
[SourceQuality "1"]

1. e4 c5 2. Nf3 a6 3. g3 b5 4. Bg2 Bb7 5. d4 cxd4 6. Nxd4 e6 7. 0-0 d6 8. a4 b4 9. c3 bxc3 10. Nxc3 Nd7 11. Re1 Ngf6 12. e5 Bxg2 13. exf6 Bb7 14. fxg7 Bxg7 15. Nf5 Be5 16. Nxd6+ Bxd6 17. Qxd6 Qb6 18. Bf4 Qxd6 19. Bxd6 Nb6 20. Be5 Rg8 21. Rad1 Rd8 22. Bf6 Rxd1 23. Rxd1 Nd5 24. Ne4 Bc6 25. Rc1 Kd7 26. Be5 a5 27. Nc5+ Ke7 28. b3 Rc8 29. Bb2 Nb4 30. Ba3 Bd5 31. f4 f6 32. Kf2 Rc6 33. Bxb4 axb4 34. Nd3 Rxc1 35. Nxc1 Kd6 36. Ke3 e5 37. fxe5+ fxe5 38. a5 Kc5 39. g4 Kb5 40. h4 Kxa5 41. g5 Kb5 42. h5 Bf7 43. g6 hxg6 44. h6 Bg8 45. Ke4 Bh7 46. Kxe5 g5 47. Kf6 Kc5 48. Kxg5 Kd4 49. Kf6 Kc3 50. Kg7 Bb1 51. Ne2+ Kxb3 52. Nf4 Ka2 53. Nd5 Ka3 54. Nf4 b3 55. Ne2 b2 56. Nc3 Bd3 0-1

[Event "Titled Tuesday intern op 16th Apr Late"]
[Site "Chess.com INT"]
[Date "2024.04.16"]
[Round "5"]
[White "Naroditsky, Daniel"]
[Black "Ibarra Jerez, Jose Carlos"]
[Result "1/2-1/2"]
[WhiteElo "2619"]
[BlackElo "2559"]
[PlyCount "101"]
[EventDate "2024.04.16"]
[EventType "swiss (blitz)"]
[EventRounds "11"]
[EventCountry "USA"]
[SourceTitle "CB17_2024"]
[SourceDate "2024.04.24"]
[SourceVersion "1"]
[SourceVersionDate "2024.04.24"]
[SourceQuality "1"]

1. e4 Nc6 2. Nf3 d6 3. d4 Nf6 4. Nc3 g6 5. Be3 Bg7 6. Qd2 Ng4 7. Bg5 h6 8. Bh4 a6 9. h3 Nf6 10. 0-0-0 b5 11. Qe3 b4 12. e5 bxc3 13. exf6 cxb2+ 14. Kb1 Bf8 15. d5 g5 16. Bg3 Nb8 17. fxe7 Bxe7 18. Re1 Kf8 19. Nd4 Bf6 20. Bd3 Bb7 21. Bc4 Nd7 22. f4 Nb6 23. Bb3 Nxd5 24. Qf3 Bxd4 25. Bxd5 Bxd5 26. Qxd5 Bf6 27. fxg5 hxg5 28. Rhf1 Rh6 29. Rf5 Rb8 30. a4 Rb4 31. Qa5 Qb8 32. Ref1 Rd4 33. Bf2 Rf4 34. Be3 Rxf1+ 35. Rxf1 Qe8 36. Bxg5 Bxg5 37. Qxg5 Qe6 38. Qd8+ Kg7 39. Qxc7 Rg6 40. g4 Rg5 41. Qc3+ Kg8 42. Qxb2 Rc5 43. Qf6 Qc4 44. Qd8+ Kg7 45. Qf6+ Kg8 46. Rf2 Qb4+ 47. Kc1 Qe1+ 48. Kb2 Qb4+ 49. Kc1 Qe1+ 50. Kb2 Qb4+ 51. Kc1 1/2-1/2

[Event "Titled Tuesday intern op 02nd Apr Late"]
[Site "Chess.com INT"]
[Date "2024.04.02"]
[Round "7"]
[White "Abarca Gonzalez, Nicolas"]
[Black "Ibarra Jerez, Jose Carlos"]
[Result "0-1"]
[WhiteElo "2387"]
[BlackElo "2559"]
[PlyCount "38"]
[EventDate "2024.04.02"]
[EventType "swiss (blitz)"]
[EventRounds "11"]
[EventCountry "USA"]
[SourceTitle "CB15_2024"]
[SourceDate "2024.04.10"]
[SourceVersion "1"]
[SourceVersionDate "2024.04.10"]
[SourceQuality "1"]

1. e4 Nc6 2. Nf3 d6 3. Bb5 Nf6 4. Bxc6+ bxc6 5. e5 Ng4 6. Qe2 Nh6 7. h3 g6 8. b3 Bg7 9. Bb2 0-0 10. 0-0 c5 11. Na3 Bb7 12. Rfe1 Nf5 13. Rad1 e6 14. Nc4 a5 15. a4 Ra6 16. Bc3 Qa8 17. exd6 cxd6 18. Bxg7 Kxg7 19. g4 Bxf3 0-1

[Event "Titled Tuesday intern op 02nd Apr Early"]
[Site "Chess.com INT"]
[Date "2024.04.02"]
[Round "10"]
[White "Paichadze, Luka"]
[Black "Ibarra Jerez, Jose Carlos"]
[Result "0-1"]
[WhiteElo "2504"]
[BlackElo "2559"]
[PlyCount "50"]
[EventDate "2024.04.02"]
[EventType "swiss (blitz)"]
[EventRounds "11"]
[EventCountry "USA"]
[SourceTitle "CB15_2024"]
[SourceDate "2024.04.10"]
[SourceVersion "1"]
[SourceVersionDate "2024.04.10"]
[SourceQuality "1"]

1. e4 c5 2. Nf3 e6 3. c3 Nf6 4. e5 Nd5 5. d4 cxd4 6. cxd4 d6 7. Bc4 Be7 8. 0-0 0-0 9. Qe2 b6 10. Rd1 Bb7 11. Bxd5 Bxd5 12. Nc3 Bxf3 13. Qxf3 d5 14. Be3 Nc6 15. Qe2 Rc8 16. Rac1 Na5 17. Qa6 Nc4 18. Nb5 Nxb2 19. Rf1 Nc4 20. Nxa7 Ra8 21. Qb7 Rb8 22. Qc6 Ra8 23. Qb7 Qb8 24. Qxe7 Rxa7 25. Rc2 Rxe7 0-1

[Event "Titled Tuesday intern op 02nd Apr Late"]
[Site "Chess.com INT"]
[Date "2024.04.02"]
[Round "1"]
[White "Veiga, Jose Francisco RP"]
[Black "Ibarra Jerez, Jose Carlos"]
[Result "0-1"]
[WhiteElo "2378"]
[BlackElo "2559"]
[PlyCount "55"]
[EventDate "2024.04.02"]
[EventType "swiss (blitz)"]
[EventRounds "11"]
[EventCountry "USA"]
[SourceTitle "CB15_2024"]
[SourceDate "2024.04.10"]
[SourceVersion "1"]
[SourceVersionDate "2024.04.10"]
[SourceQuality "1"]

1. e4 c5 2. Nf3 Nc6 3. d4 cxd4 4. Nxd4 e5 5. Nb5 a6 6. Nd6+ Bxd6 7. Qxd6 Qe7 8. Qd1 Nf6 9. Nc3 d6 10. Bg5 Be6 11. Qd2 h6 12. Bxf6 Qxf6 13. 0-0-0 0-0 14. f3 Rfd8 15. Be2 Rac8 16. g4 Nd4 17. Qe3 b5 18. Rd2 b4 19. Nd5 Bxd5 20. exd5 Rc5 21. h4 Rdc8 22. Bd1 Qd8 23. Kb1 Rc3 24. Qf2 Qa5 25. f4 b3 26. a3 bxc2+ 27. Bxc2 Rxc2 28. g5 0-1

[Event "Titled Tuesday intern op 02nd Apr Early"]
[Site "Chess.com INT"]
[Date "2024.04.02"]
[Round "8"]
[White "Zou, Chen"]
[Black "Ibarra Jerez, Jose Carlos"]
[Result "1/2-1/2"]
[WhiteElo "2449"]
[BlackElo "2559"]
[PlyCount "250"]
[EventDate "2024.04.02"]
[EventType "swiss (blitz)"]
[EventRounds "11"]
[EventCountry "USA"]
[SourceTitle "CB15_2024"]
[SourceDate "2024.04.10"]
[SourceVersion "1"]
[SourceVersionDate "2024.04.10"]
[SourceQuality "1"]

1. e4 c5 2. Nf3 e6 3. d4 cxd4 4. Nxd4 Bc5 5. Nb3 Bb6 6. Nc3 Ne7 7. Bd3 0-0 8. Qe2 f5 9. e5 f4 10. Qg4 Nbc6 11. Bxf4 Bxf2+ 12. Kxf2 Nxe5 13. Qh4 Nxd3+ 14. cxd3 e5 15. Nd5 Nxd5 16. Qxd8 Rxd8 17. Bxe5 d6 18. Bd4 Bf5 19. Rhd1 Nb4 20. Kg1 Nxd3 21. Rd2 a5 22. Bc3 a4 23. Nd4 Bg6 24. Ne6 Rd7 25. Rad1 Re8 26. Ng5 Nf4 27. Rxd6 Rde7 28. Rd7 Ne2+ 29. Kf2 Nxc3 30. bxc3 Re2+ 31. Kg3 Rxa2 32. Rxb7 Rc2 33. Rdd7 Rxc3+ 34. Nf3 a3 35. Ra7 Kh8 36. Rxg7 a2 37. Rgd7 Bf5 38. Rf7 Bg6 39. Rfd7 Bb1 40. Kh4 Rc4+ 41. g4 Bf5 42. Rdb7 Rxg4+ 43. Kh5 Rf4 44. Nh4 Bb1 45. Kg5 Rd4 46. Nf5 Rg8+ 47. Kf6 Bxf5 48. Kxf5 Rh4 49. Rxa2 Rf8+ 50. Ke5 Rh5+ 51. Kd4 Rh4+ 52. Ke3 Rh6 53. Rb4 Re6+ 54. Kd3 Rd8+ 55. Kc3 Rc6+ 56. Rc4 Rxc4+ 57. Kxc4 Kg7 58. Rg2+ Kh6 59. Rg4 Kh5 60. Rf4 Kg5 61. Rf2 Kg4 62. Kc3 Kh3 63. Kc4 h5 64. Kc3 h4 65. Kc4 Rd1 66. Kc3 Rh1 67. Kd3 Rxh2 68. Rf8 Ra2 69. Rg8 Kh2 70. Ke3 h3 71. Kf3 Kh1 72. Rg7 Rg2 73. Rh7 h2 74. Ra7 Rg1 75. Ra2 Rf1+ 76. Kg3 Rg1+ 77. Kh3 Rb1 78. Rxh2+ Kg1 79. Rg2+ Kf1 80. Rg6 Rb4 81. Kg3 Rb2 82. Kf4 Kf2 83. Kg5 Kg3 84. Kf5+ Kf3 85. Ra6 Rb5+ 86. Ke6 Rb4 87. Ra3+ Ke4 88. Ra1 Rb6+ 89. Kd7 Kd5 90. Rd1+ Ke5 91. Rh1 Rb7+ 92. Kc6 Rg7 93. Re1+ Kd4 94. Rh1 Rg6+ 95. Kb5 Rg2 96. Rd1+ Ke5 97. Rh1 Rg3 98. Kc4 Rf3 99. Re1+ Kd6 100. Rh1 Rf4+ 101. Kd3 Rf8 102. Rh6+ Kd5 103. Rh5+ Kd6 104. Kd4 Rf4+ 105. Ke3 Rf6 106. Rh2 Kd5 107. Rh5+ Kc4 108. Rh4+ Kc3 109. Rh8 Re6+ 110. Kf4 Kd3 111. Rd8+ Ke2 112. Ra8 Re7 113. Ra2+ Kd3 114. Ra8 Rf7+ 115. Ke5 Rf1 116. Rd8+ Kc4 117. Ra8 Kc5 118. Rc8+ Kb6 119. Rc2 Rd1 120. Ke4 Kb5 121. Ke5 Kb4 122. Rc8 Rd2 123. Ke6 Rd3 124. Ke5 Rc3 125. Rxc3 Kxc3 1/2-1/2

[Event "Titled Tuesday intern op 12th Mar Late"]
[Site "Chess.com INT"]
[Date "2024.03.12"]
[Round "8"]
[White "Griffith, Kyron"]
[Black "Ibarra Jerez, Jose Carlos"]
[Result "0-1"]
[WhiteElo "2352"]
[BlackElo "2559"]
[PlyCount "62"]
[EventDate "2024.03.12"]
[EventType "swiss (blitz)"]
[EventRounds "11"]
[EventCountry "USA"]
[SourceTitle "CB12_2024"]
[SourceDate "2023.10.01"]
[SourceVersion "1"]
[SourceVersionDate "2023.10.01"]
[SourceQuality "1"]

1. e4 c5 2. Nc3 a6 3. Nf3 e6 4. d4 cxd4 5. Nxd4 b5 6. g3 Bb7 7. Bg2 Ne7 8. 0-0 Nec6 9. Re1 Nxd4 10. Qxd4 Nc6 11. Qd3 Ne5 12. Qe2 Bc5 13. Be3 Qc7 14. Rad1 0-0 15. a3 d6 16. h3 Rac8 17. Bf4 Rfd8 18. Kh2 h6 19. a4 Qb6 20. Rf1 b4 21. Nb1 a5 22. c4 b3 23. Nd2 Ba6 24. Rc1 Bd4 25. Be3 Bxe3 26. fxe3 Qb4 27. Qf2 Bxc4 28. Nxc4 Rxc4 29. Rxc4 Qxc4 30. Ra1 Qc2 31. Kg1 Rc8 0-1

[Event "Titled Tuesday intern op 27th Feb Late"]
[Site "Chess.com INT"]
[Date "2024.02.27"]
[Round "4"]
[White "Zhizmer, Yuri"]
[Black "Ibarra Jerez, Jose Carlos"]
[Result "1-0"]
[WhiteElo "2295"]
[BlackElo "2559"]
[PlyCount "93"]
[EventDate "2024.02.27"]
[EventType "swiss (blitz)"]
[EventRounds "11"]
[EventCountry "USA"]
[SourceTitle "CB10_2024"]
[SourceDate "2024.03.06"]
[SourceVersion "1"]
[SourceVersionDate "2024.03.06"]
[SourceQuality "1"]

1. d4 Nf6 2. Nf3 g6 3. g3 d6 4. Bg2 Bg7 5. 0-0 0-0 6. b3 b5 7. Bb2 Bb7 8. Nbd2 Nbd7 9. Re1 c5 10. c4 bxc4 11. Nxc4 a5 12. dxc5 Nxc5 13. Rc1 Ra6 14. Nd4 Qa8 15. Bxb7 Qxb7 16. Ba3 Rc8 17. Ne3 Nfe4 18. Bxc5 Nxc5 19. Nf3 a4 20. Qd5 Rb8 21. Ng5 Qxd5 22. Nxd5 e6 23. b4 Nd7 24. Ne7+ Kf8 25. Nc6 Rbb6 26. Nd8 Ke7 27. Ngxf7 Ra8 28. Rc7 Rxd8 29. Nxd8 Kxd8 30. Rec1 Rxb4 31. Rc8+ Ke7 32. R1c7 Rb2 33. e3 Rb5 34. Ra7 Rc5 35. Rb8 d5 36. Rbb7 Be5 37. Rxd7+ Ke8 38. Rxh7 Rc8 39. Kg2 Kf8 40. Rxa4 Kg8 41. Re7 Bf6 42. Rxe6 Kf7 43. Rb6 d4 44. Rxd4 Bxd4 45. exd4 Rc2 46. a4 Rb2 47. Rxb2 1-0

[Event "Titled Tuesday intern op 13th Feb Late"]
[Site "Chess.com INT"]
[Date "2024.02.13"]
[Round "8"]
[White "Al Tarbosh, Ward"]
[Black "Ibarra Jerez, Jose Carlos"]
[Result "0-1"]
[WhiteElo "2278"]
[BlackElo "2559"]
[PlyCount "80"]
[EventDate "2024.02.13"]
[EventType "swiss (blitz)"]
[EventRounds "11"]
[EventCountry "USA"]
[SourceTitle "CB08_2024"]
[SourceDate "2024.02.21"]
[SourceVersion "1"]
[SourceVersionDate "2024.02.21"]
[SourceQuality "1"]

1. e4 e5 2. Nf3 d6 3. d4 exd4 4. Nxd4 Nf6 5. Nc3 Be7 6. Be2 0-0 7. 0-0 Re8 8. Re1 Bf8 9. Bf1 Nbd7 10. Bg5 h6 11. Bh4 Ne5 12. f4 Ng6 13. Bg3 c6 14. Nf5 Bxf5 15. exf5 Ne7 16. Bd3 Qb6+ 17. Bf2 Qxb2 18. Bd4 Ned5 19. Qd2 Qb4 20. Bf1 Nxc3 21. Bxc3 Qc5+ 22. Kh1 Ne4 23. Rxe4 Rxe4 24. f6 Qe3 25. Qxe3 Rxe3 26. Bd3 Rae8 27. h3 gxf6 28. a4 d5 29. Rb1 b6 30. a5 b5 31. Kh2 Bd6 32. g3 Bc5 33. Bxf6 a6 34. Bc3 d4 35. Bb2 Re1 36. Rxe1 Rxe1 37. Kg2 Rb1 38. Bxd4 Bxd4 39. c3 Rb2+ 40. Kf3 Bxc3 0-1

[Event "Titled Tuesday intern op 13th Feb Late"]
[Site "Chess.com INT"]
[Date "2024.02.13"]
[Round "2"]
[White "Ibarra Jerez, Jose Carlos"]
[Black "Aaron, Deepak"]
[Result "1-0"]
[WhiteElo "2559"]
[BlackElo "2278"]
[PlyCount "49"]
[EventDate "2024.02.13"]
[EventType "swiss (blitz)"]
[EventRounds "11"]
[EventCountry "USA"]
[SourceTitle "CB08_2024"]
[SourceDate "2024.02.21"]
[SourceVersion "1"]
[SourceVersionDate "2024.02.21"]
[SourceQuality "1"]

1. e4 e6 2. d4 d5 3. Nc3 dxe4 4. Nxe4 Nd7 5. Bd3 Ngf6 6. Qe2 c5 7. Nxf6+ Nxf6 8. dxc5 Bxc5 9. Bg5 Qa5+ 10. Bd2 Qb6 11. 0-0-0 0-0 12. Nf3 Bd7 13. Ne5 Ba4 14. Bg5 Nd5 15. Qe4 f5 16. Qxa4 Bxf2 17. Nd7 Be3+ 18. Bxe3 Qxe3+ 19. Kb1 Rfd8 20. Rhe1 Qf2 21. Rxe6 Nf4 22. Rf1 Qxf1+ 23. Bxf1 Nxe6 24. Bc4 Kf7 25. Qb3 1-0

[Event "Titled Tuesday intern op 13th Feb Early"]
[Site "Chess.com INT"]
[Date "2024.02.13"]
[Round "10"]
[White "Ibarra Jerez, Jose Carlos"]
[Black "Wafa, Hamed"]
[Result "1-0"]
[WhiteElo "2559"]
[BlackElo "2397"]
[PlyCount "71"]
[EventDate "2024.02.13"]
[EventType "swiss (blitz)"]
[EventRounds "11"]
[EventCountry "USA"]
[SourceTitle "CB08_2024"]
[SourceDate "2024.02.21"]
[SourceVersion "1"]
[SourceVersionDate "2024.02.21"]
[SourceQuality "1"]

1. e4 c5 2. Nf3 a6 3. c4 Nc6 4. d4 cxd4 5. Nxd4 Nf6 6. Nc3 e5 7. Nf5 d6 8. Be3 g6 9. Nh6 Nh5 10. Nd5 Nd4 11. Be2 Be6 12. Bxh5 gxh5 13. Bxd4 Bxd5 14. Qxh5 Bxh6 15. exd5 exd4 16. Qxh6 Qa5+ 17. Qd2 Qc5 18. Rc1 0-0-0 19. 0-0 Rde8 20. b4 Qb6 21. c5 Qb5 22. Qxd4 Rhg8 23. c6 b6 24. a4 Qe2 25. g3 Kc7 26. Rfe1 Qxe1+ 27. Rxe1 Rxe1+ 28. Kg2 Rge8 29. a5 Rb8 30. Qf6 bxa5 31. bxa5 Rbe8 32. Qxf7+ R8e7 33. Qg8 R1e5 34. Qa8 Rxd5 35. Qb7+ Kd8 36. Qb8# 1-0

[Event "Titled Tuesday intern op 13th Feb Late"]
[Site "Chess.com INT"]
[Date "2024.02.13"]
[Round "5"]
[White "Kosteniuk, Alexandra"]
[Black "Ibarra Jerez, Jose Carlos"]
[Result "1-0"]
[WhiteElo "2501"]
[BlackElo "2559"]
[PlyCount "103"]
[EventDate "2024.02.13"]
[EventType "swiss (blitz)"]
[EventRounds "11"]
[EventCountry "USA"]
[SourceTitle "CB08_2024"]
[SourceDate "2024.02.21"]
[SourceVersion "1"]
[SourceVersionDate "2024.02.21"]
[SourceQuality "1"]

1. e4 c5 2. d4 cxd4 3. Qxd4 Nc6 4. Qd3 e6 5. Nc3 a6 6. Nf3 Nge7 7. Bg5 h6 8. Bh4 g5 9. Bg3 Bg7 10. Bd6 Ng6 11. Be2 b5 12. 0-0 Bb7 13. Rfe1 Qb6 14. Bf1 g4 15. Nd5 exd5 16. exd5+ Nce7 17. Qa3 Bxd5 18. Bxe7 Be6 19. Bc5 b4 20. Qe3 Qc7 21. Nd4 Qxc5 22. Nxe6 Qxe3 23. Nxg7+ Kf8 24. Rxe3 Kxg7 25. Rd1 Ra7 26. Rd4 Rc8 27. Bd3 h5 28. h3 gxh3 29. Rxh3 a5 30. Rxh5 Nf8 31. g3 Ne6 32. Rdd5 a4 33. Ra5 Rca8 34. Rxa7 Rxa7 35. Rb5 b3 36. cxb3 Nd4 37. Rb4 axb3 38. a3 Nf3+ 39. Kf1 Ne5 40. Be2 Nc6 41. Rxb3 d5 42. Bf3 Rd7 43. Rd3 Ne7 44. b4 Kf6 45. b5 Ke5 46. a4 Ra7 47. Ra3 Nc8 48. a5 Nd6 49. b6 Ra8 50. Be2 d4 51. a6 Kd5 52. b7 1-0